Riconosci il Pokémon - Quiz n°451 - Statistics

Statistiche generali
  • Questo quiz è stato fatto 2 volte
  • Il punteggio medio è 6 su 10
Statistiche sulle risposte
Indizio Risposta % Corretto
Tipo Elettro / Drago
100%
Stadio evoluzione Non si evolve
100%
Generazione Ottava
100%
Altezza 1,8 m
50%
Peso 190,0 kg
50%
Tasso di cattura 45 (11.9%)
50%
Abilità Assorbivolt, Tuttafretta; Remasabbia
50%
Tasso di allevamento Lento
50%
Sesso Sconosciuto
50%
Pokémon Dracozolt
0%
Nessun quiz corrispondente trovato
Distribuzione punteggi
Percentuale di utenti per punteggio
Percentile per numero di risposta
I tuoi punteggi nel tempo
Non hai fatto questo quiz